| 000 | 00742cab a2200241 4500 | ||
|---|---|---|---|
| 001 | WB3433-51 | ||
| 008 | 090401t1998 xxu||||| |||| 00| 0 eng d | ||
| 035 | _a(Sirsi) u88122 | ||
| 041 | _aeng | ||
| 245 | _aFlower Power | ||
| 260 | _c1998 | ||
| 350 | _a0 | ||
| 490 |
_aGuardian _v22 August 1998, 13(1) |
||
| 520 | _aBritish Nuclear Fuel is growing plants which rapidly absorb radioactivity on contaminated land near the Magnox reactor. BNFL hope that the plants will clean up the land more cheaply and effectively than traditional methods. | ||
| 650 | _aCONTAMINATED LAND | ||
| 650 | _aNUCLEAR POWER | ||
| 650 | _aPLANTS | ||
| 650 | _aPOLLUTION | ||
| 650 | _aRADIATION | ||
| 690 | _aLAND | ||
| 942 | _n0 | ||
| 948 | _c25/08/1998 | ||
| 999 |
_c55663 _d55663 |
||